Catálogo

Vista normal Vista MARC

Entrada Personal Name

Número de registros utilizados en: 1

001 - CONTROL NUMBER

  • control field: 9334

003 - CONTROL NUMBER IDENTIFIER

  • control field: DLC

005 - DATE AND TIME OF LATEST TRANSACTION

  • control field: 20220509094844.0

008 - FIXED-LENGTH DATA ELEMENTS

  • fixed length control field: 030721n| acannaabn |n aaa c

010 ## - LIBRARY OF CONGRESS CONTROL NUMBER

  • LC control number: no2003071825

035 ## - SYSTEM CONTROL NUMBER

  • System control number: (OCoLC)oca06105751

040 ## - CATALOGING SOURCE

  • Original cataloging agency: VaVbRU
  • Language of cataloging: spa
  • Transcribing agency: Mx-PuUPA
  • Modifying agency: DLC
  • Modifying agency: Mx-PuUPA
  • Description conventions: rda

100 1# - HEADING--PERSONAL NAME

  • Personal name: Kuniavsky, Mike,

372 ## - FIELD OF ACTIVITY

  • Field of activity: Sistemas informáticos

374 ## - OCCUPATION

  • Occupation: Autor
  • Occupation: Diseñador de interacción de un motor de búsqueda

375 ## - GENDER

  • Gender: hombre

377 ## - ASSOCIATED LANGUAGE

  • Language code: eng

670 ## - SOURCE DATA FOUND

  • Source citation: Observing the user experience, 2003:
  • Information found: t.p. (Mike Kuniavsky) p. 560 (founding partner of Adaptive Path, a user experience consulting company, San Francisco; has been developing commercial web sites since 1994, is the interaction designer of the search engine, HotBot)